| 000 | 005150000a22001810004500 | ||
|---|---|---|---|
| 090 |
_aAR _b00740 |
||
| 245 | 1 | 0 | _aComparison of montane and lowland rain forest in Ecuador |
| 650 | 1 | 4 |
_aVegetación _992799 |
| 650 | 1 | 4 |
_aEstructura del Bosque _993781 |
| 650 | 1 | 4 |
_aBotánica _9361 |
| 651 | 4 |
_pEcuador _992749 |
|
| 041 | 0 | _aInglés | |
| 700 | 1 |
_aPennington, T. D. _913810 |
|
| 700 | 1 |
_aLLoyd, J. R. _993915 |
|
| 100 | 1 |
_aGrubb, P. J. _993916 |
|
| 942 | _cARTICULO | ||
| 773 | 1 |
_tJournal of Ecology _3249 _q567-601 _d1963 _g51 |
|
| 999 |
_c9831 _d9831 |
||